Prince (Record no. 3588)

MARC details
000 -LEADER
fixed length control field 00334nam a2200133Ia 4500
008 - FIXED-LENGTH DATA ELEMENTS--GENERAL INFORMATION
fixed length control field 211109s9999||||xx |||||||||||||| ||und||
082 ## - DEWEY DECIMAL CLASSIFICATION NUMBER
Classification number 949.801
Item number MAC-P
100 ## - MAIN ENTRY--PERSONAL NAME
Personal name Machiavelli, N
245 #0 - TITLE STATEMENT
Title Prince
260 ## - PUBLICATION, DISTRIBUTION, ETC.
Name of publisher, distributor, etc. Penguin Books
Place of publication, distribution, etc. Noplace
Date of publication, distribution, etc. 1976
630 ## - SUBJECT ADDED ENTRY--UNIFORM TITLE
General subdivision General Stack
650 ## - SUBJECT ADDED ENTRY--TOPICAL TERM
Topical term or geographic name entry element Other parts of Europe
942 ## - ADDED ENTRY ELEMENTS (KOHA)
Koha item type BOOK
650 ## - SUBJECT ADDED ENTRY--TOPICAL TERM
General subdivision History
Holdings
Withdrawn status Lost status Damaged status Not for loan Home library Current library Date acquired Cost, normal purchase price Total Checkouts Full call number Barcode Shelving location Date last seen Price effective from Koha item type
        SB LIBRARY SB LIBRARY 09/11/2021 8.60   949.801 MAC-P 00003930 GENERAL STACK 09/11/2021 09/11/2021 BOOK

Powered by Koha